00638nam a2200193 a 450000100060000000300090000600800410001502000150005604000280007108200160009910000260011524500390014126000500018030000070023065000270023794200120026499900170027695201510029313580CO-ViMGA141112s2004 ck r 000 u spa d a9586018652 aCO-ViMGAbspacCO-ViMGA04a303.6 G171c1 aGaray, Luis J.91978910aConstruccion de una nueva sociedad aSantafé de Bogotá : bercer Mundo, c1999 a8214aLUCHAS SOCIALES919790 2ddccBK c24304d24304 00102ddc40708003aMEVIECARbMEVIECARd2015-12-04hVolumen. 1 | 11/jun/2009l0o303.6 G171c p13580r2015-12-04 00:00:00tEj. 1w2015-12-04yBK